000 00537nam a22001697a 4500
005 20251108174822.0
008 250721s2009 xx 000 0 ara d
082 1 4 _a792.01/عذا
100 1 _aالعذاري، طارق
245 1 0 _aالمنهج التجريبي و إتجاهات البحث في العرض المسرحي /
264 1 _aإربد :
_bدار الكندي،
_c2009.
300 _a193ص.
650 1 7 _aالعروض المسرحية
650 1 7 _aالأسلوب العلمي
942 _2ddc
_cBK
999 _c118880
_d118880